000 00978nam a2200313 a 4500
001 0074200
003 KOHA_MİRAKIL
005 20260207005212.0
007 ta
008 250602b2006 tu |||grd|||#0|||1|tur |
020 _a994439503X
040 _aTR-BiSEU
_btur
_cTR-BiSEU
_erda
041 0 _atur
_aeng
044 _ctu
050 _aPL191
_b.F86 2006
245 0 _aFundamental dictionary English-Turkish - Turkish-English/
_cEditorial director Kazım Kahraman.
264 1 _aİstanbul :
_bTime Publications
_c2006
300 _a369 sayfa: harita; 21 cm.
336 _ametin
_btxt
_2rdacontent
337 _aaracısız
_bn
_2rdamedia
338 _acilt
_bnc
_2rdacarrier
490 1 _aTime Publications yayın no ;
_v5
650 0 _aİngiliz dili--Sözlükler--Türkçe.
_93194
650 0 _aEnglish language--Dictionaries--Turkish.
_93195
830 1 _aTime Publications yayın no ;
_v5
_9150560
905 _aBirûni Salonu
907 _aSözlük
942 _2lcc
_cBK
999 _c74957
_d74957